Químicos y petroquímicos. Obreros y empleados. CCT 77/1989. Acuerdo salarial 2018 (Registro nro. 34110)
[ vista simple ]
| 000 -LEADER | |
|---|---|
| fixed length control field | 00364 a2200109 4500 |
| 001 - CONTROL NUMBER | |
| control field | ART_47464 |
| 005 - DATE AND TIME OF LATEST TRANSACTION | |
| control field | 20260410162032.0 |
| 008 - FIXED-LENGTH DATA ELEMENTS--GENERAL INFORMATION | |
| fixed length control field | 260409a |
| 100 1# - MAIN ENTRY--PERSONAL NAME | |
| Personal name | Godoy, Laura M. |
| 245 10 - TITLE STATEMENT | |
| Title | Químicos y petroquímicos. Obreros y empleados. CCT 77/1989. Acuerdo salarial 2018 |
| 773 0# - HOST ITEM ENTRY | |
| Title | Liquidación de sueldos |
| Related parts | - N° 148 (sep. 2018) |
| Record control number | REV44399 |
No hay ítems disponibles.